Reglamento para obtener los títulos de piloto y capitán de la marina mercante
Descripción Física:
31 p. ; 24 cm
Otros Autores:
Espanya. Ministerio de Marina
MARC
| LEADER | 00000nam a2200000Ia 4500 | ||
|---|---|---|---|
| 001 | 15890 | ||
| 008 | 160829s1909 xx 000 0 cat d | ||
| 080 | |a RF-12-54 | ||
| 245 | |a Reglamento para obtener los títulos de piloto y capitán de la marina mercante | ||
| 250 | |a Ed. oficial | ||
| 260 | |a Madrid : |b (Imp. de los hijos de M.G. Hernández), |c 1909 | ||
| 300 | |a 31 p. ; |c 24 cm | ||
| 590 | |a Abans del títol: Ministerio de la Marina, Dirección General de Navegación y Pesca Marítima. | ||
| 590 | |a Hi ha un duplicat DUP-186-41 | ||
| 650 | |a Pilots de vaixell |x Espanya |x Currículums |9 39110 | ||
| 650 | |a Capitans de vaixell |x Espanya |x Currículums |9 39111 | ||
| 700 | |a Espanya. Ministerio de Marina |9 38599 | ||
| 856 | 4 | |u https://media.diba.cat/diba/fitxers/arxiu/fulletons/bib_15890_1909_baixa.pdf |y Accés lliure | |
| 856 | 4 | |u https://media.diba.cat/diba/fitxers/arxiu/fulletons/bib_15890_1909_baixa.pdf |y Accés lliure | |
| 901 | |a Arxiu | ||
| 942 | |n 1 |2 udc | ||
| 952 | |0 0 |1 0 |4 0 |6 RF1254 |7 1 |9 48806 |a Arxiu |b Arxiu |d 2016-12-01 |l 0 |o RF-12-54 |p 15890 |r 2016-12-01 00:00:00 |w 2016-12-01 |y ARXIU | ||
| 999 | |c 52639 |d 52639 | ||
| 900 | |a bib_15890_1909_baixa.pdf | ||